000 00730nam a2200217 a 4500
999 _c2779
_d2779
001 2779
003 BD-JhCC
005 20171122195558.0
008 171106s1389 ii |||| |||| 000 0 ben d
035 _a(BD-JhCC)2779
040 _aBD-JhCC
_dBD-JhCC
041 _aben
082 _a891.443
_bBON 1389
100 _aবনফুল
245 _aজঙ্গম :
_bপ্রথম, দ্বিতীয়, তৃতীয় অধ্যায় একত্রে /
_cবনফুল
260 _aকলকাতা :
_bবেঙ্গল পাবলিশার্স প্রাইভেট লিমিটেড,
_c1389.
300 _a454 p. :
_c21 cm.
650 _aBengali Novel
942 _2ddc
_cBK